| 000 | 02321cam a2200301 i 4500 | ||
|---|---|---|---|
| 001 | a45337873 | ||
| 003 | SIRSI | ||
| 005 | 20250828125838.0 | ||
| 008 | 240614t20242024fr 000 f fre d | ||
| 020 |
_a9782246831457 _q(paperback) |
||
| 035 | _a(OCoLC)1453900730 | ||
| 040 |
_aHUL _beng _erda _cHUL _dOCLCO _dTJC _dOCLCO _dWAU _dOCLCO _dJHE _dOCLCO _dIXA _dEEM _dQGK _dQGJ _dUtOrBLW |
||
| 041 | _aFrench | ||
| 043 | _af-rw--- | ||
| 050 | 4 |
_aPQ2706.A935 _bJ33 2024 |
|
| 100 |
_aFaye, Gaël, _d1982- _eauthor. _1https://id.oclc.org/worldcat/entity/E39PBJwD3G9TKXvWhtfjD8dbBP _0https://id.loc.gov/authorities/names/no2016136172 _4http://id.loc.gov/vocabulary/relators/aut |
||
| 245 | 1 | 0 |
_aJacaranda _b: roman _c/ Gaël Faye. |
| 250 | _aFirst edition | ||
| 264 | 1 |
_aParis : _bBernard Grasset, _c2024. |
|
| 264 | 4 | _c©2024 | |
| 300 |
_a281 pages, 1 unnumbered page ; _c21 cm |
||
| 520 | _aQuels secrets cache l’ombre du jacaranda, l’arbre fétiche de Stella ? Il faudra à son ami Milan des années pour le découvrir. Des années pour percer les silences du Rwanda, dévasté après le génocide des Tutsi. En rendant leur parole aux disparus, les jeunes gens échapperont à la solitude. Et trouveront la paix près des rivages magnifiques du lac Kivu. Sur quatre générations, avec sa douceur unique, Gaël Faye nous raconte l’histoire terrible d’un pays qui s’essaie malgré tout au dialogue et au pardon. Comme un arbre se dresse entre ténèbres et lumière, Jacaranda célèbre l’humanité, paradoxale, aimante, vivante. | ||
| 520 | _aWhat secrets lie in the shadow of the jacaranda, Stella’s cherished tree? It will take her friend Milan years to uncover them. Years to pierce the silence of Rwanda, devastated in the wake of the Tutsi genocide. By giving voice to the disappeared, the two young people escape solitude and find peace on the magnificent shores of Lake Kivu. Spanning four generations, with his characteristic tenderness, Gaël Faye tells the harrowing story of a country striving, despite everything, for dialogue and forgiveness. Like a tree rising between darkness and light, Jacaranda is a celebration of humanity—paradoxical, loving, alive. | ||
| 650 | 0 |
_aRwandan Genocide, Rwanda, 1994 _vFiction. |
|
| 651 | 0 |
_zRwanda _aRwanda _xHistory _vFiction. |
|
| 653 | _a1994 | ||
| 942 | _2lcc | ||
| 999 |
_c4900 _d4900 |
||